000 00736nam a2200277Ia 4500
003 OSt
005 20221006142648.0
006 a|||||r|||| 00| 0
007 ta
008 221006b |||||||| |||| 00| 0 eng d
020 _a9780043001011
_c335.79
024 _a6,872
037 _cTextual
040 _aEASL
_cEASL
_beng
041 _2eng
_aeng
082 _aY:1:6, M7
100 _aAUSTIN-BROOS Diane J. Ed.
_9131790
245 0 _aCreating culture
_b Profiles in the study of culture
260 _aSydney
_bAllen & Unwin
_c1987
300 _a296p.
_ccm.
490 _v Oth
650 _a Gen
650 _aCulture
942 _hY:1:6, M7
_cTEXL
_2CC
999 _c1074958
_d1074958